You must labor for salvation /

Bibliographic Details
Main Author: Shaver, David
Format: Microform Book
Language:English
Published: [Raleigh, N.C.] : [publisher not identified], [between 1861 and 1865]
Series:Confederate imprints, 1861-1865 ; reel 136, no. 4847.
Subjects:

MARC

Tag First Indicator Second Indicator Subfields
LEADER 00000cam a2200000 a 4500
001 in00001197204
005 20151002072423.0
007 hd afv---baca
008 910925r19741861ctu a 000 0 eng d
035 |a (OCoLC)24449481 
035 |9 AGK1276AM 
040 |a FEI  |c FEI  |d UtOrBLW 
043 |a n-usu--  |a n-us--- 
049 |a TXAI 
090 |a E487  |b .C66 1974 reel 136 no. 4847 
099 |a Film   |a  B 1664  |a reel 136, no. 4847. 
100 1 |a Shaver, David. 
245 1 0 |a You must labor for salvation /  |c by David Shaver. 
264 1 |a [Raleigh, N.C.] :  |b [publisher not identified],  |c [between 1861 and 1865] 
300 |a 16 pages ;  |c 14 cm. 
336 |a text  |b txt  |2 rdacontent 
337 |a microform  |b h  |2 rdamedia 
338 |a microfilm reel  |b hd  |2 rdacarrier 
500 |a Caption title. 
500 |a At head of title: Number 54. 
500 |a Filmed from the holdings of the Boston Athenaeum. 
533 |a Microfilm.  |b New Haven, Conn. :  |c Research Publications,  |d [1974].  |e On reel 136 of 143 microfilm reels ; 35 mm.  |f (Confederate imprints, 1861-1865 ; reel 136, no. 4847). 
500 |a Microform. 
650 0 |a Christian life. 
650 0 |a Salvation. 
650 0 |a Tracts. 
651 0 |a Confederate States of America  |x Religion. 
651 0 |a United States  |x History  |y Civil War, 1861-1865  |x Religious aspects. 
830 0 |a Confederate imprints, 1861-1865 ;  |v reel 136, no. 4847. 
999 |a MARS 
999 f f |s 7434b946-fba3-3db0-8a5e-115ed76a6eca  |i 96101597-393c-3ac4-8666-0832a3b66bdb  |t 0 
952 f f |p default  |a Texas A&M University  |b College Station  |c Sterling C. Evans Library  |d Evans: Microforms (3rd floor)  |t 0  |e Film B 1664 reel 136, no. 4847.  |h Other scheme  |i microform -- microfilm reel 
998 f f |a Film B 1664 reel 136, no. 4847.  |t 0  |l Evans: Microforms (3rd floor)